|
|
|
|
| LEADER |
00000nam0a2200000 4500 |
| 001 |
151774 |
| 005 |
20231101221602.0 |
| 010 |
|
|
|a 9785982275813
|
| 035 |
|
|
|a (RuTPU)RU\TPU\book\164550
|
| 090 |
|
|
|a 151774
|
| 100 |
|
|
|a 20090127d2010 m y0rusy50 ca
|
| 101 |
0 |
|
|a rus
|
| 102 |
|
|
|a RU
|
| 105 |
|
|
|a a j 001zy
|
| 200 |
1 |
|
|a Картография
|e учебник
|f А. М. Берлянт
|g Московский государственный университет им. М. В. Ломоносова (МГУ)
|
| 205 |
|
|
|a 2-е изд., испр. и доп.
|
| 210 |
|
|
|a Москва
|c КДУ
|d 2010
|
| 215 |
|
|
|a 326 с.
|c ил.
|
| 320 |
|
|
|a Библиогр.: с. 323-325.
|
| 320 |
|
|
|a Указатель терминов: с. 313-322.
|
| 330 |
|
|
|a Рассмотрены сущность и свойства карт как моделей, их математическая основа, способы изображения, вопросы генерализации, классификации карт и атласов. Особое место отведено картографическому методу исследования — одному из основных средств географического познания мира. Подробно представлено развитие глобусного картографирования с античных времен до современных виртуальных информационно-картографических глобусных систем. Дано представление о новых, но уже достаточно утвердившихся в науке и практике геоинформационных подходах, взаимодействии картографии и телекоммуникации, о началах геоиконики. Дан очерк истории мировой и отечественной картографии. Учебник предназначен для студентов географических, эколого-географических, гидрометеорологических специальностей университетов. Он может быть пособием и для вводного курса, читаемого студентам-картографам, а также для магистров, аспирантов и специалистов в других науках о Земле и смежных с ними социально-экономических науках, которые пользуются в своей работе географическими картами и атласами.
|
| 606 |
1 |
|
|a Картография
|2 stltpush
|3 (RuTPU)RU\TPU\subj\39381
|9 59494
|
| 606 |
|
|
|a Геоинформационное картографирование
|2 stltpush
|3 (RuTPU)RU\TPU\subj\67667
|9 83388
|
| 610 |
1 |
|
|a карты
|
| 610 |
1 |
|
|a математические основы
|
| 610 |
1 |
|
|a изображение
|
| 610 |
1 |
|
|a картографические способы
|
| 610 |
1 |
|
|a рельеф
|
| 610 |
1 |
|
|a надписи
|
| 610 |
1 |
|
|a картографическая генерализация
|
| 610 |
1 |
|
|a географические карты
|
| 610 |
1 |
|
|a географические атласы
|
| 610 |
1 |
|
|a глобусы
|
| 610 |
1 |
|
|a проектирование
|
| 610 |
1 |
|
|a составление
|
| 610 |
1 |
|
|a геоинформатика
|
| 610 |
1 |
|
|a телекоммуникация
|
| 610 |
1 |
|
|a геоизображения
|
| 610 |
1 |
|
|a геоиконика
|
| 610 |
1 |
|
|a история
|
| 610 |
1 |
|
|a термины
|
| 610 |
1 |
|
|a учебники
|
| 675 |
|
|
|a 528.94(075.8)
|v 3
|
| 700 |
|
1 |
|a Берлянт
|b А. М.
|g Александр Михайлович
|
| 712 |
0 |
2 |
|a Московский государственный университет им. М. В. Ломоносова (МГУ)
|2 stltpush
|3 (RuTPU)RU\TPU\col\7
|
| 801 |
|
1 |
|a RU
|b 63413507
|c 20090127
|g PSBO
|
| 801 |
|
2 |
|a RU
|b 63413507
|c 20150508
|g RCR
|
| 942 |
|
|
|c BK
|
| 959 |
|
|
|a 12/20090126
|d 1
|e 0
|f ЧЗТЛ:1
|
| 959 |
|
|
|a 53/20100827
|d 10
|e 605,00
|f АНЛ:1
|f ЧЗТЛ:1
|f УФ:8
|